New funding for solar energy (Record no. 118013)

MARC details
000 -LEADER
fixed length control field 01334cam a2200241 4500
001 - CONTROL NUMBER
control field WB@3612-274
008 - FIXED-LENGTH DATA ELEMENTS--GENERAL INFORMATION
fixed length control field 040916n2004 000 0 eng u
035 ## - SYSTEM CONTROL NUMBER
System control number (Sirsi) u127438
245 ## - TITLE STATEMENT
Title New funding for solar energy
260 ## - PUBLICATION, DISTRIBUTION, ETC.
Date of publication, distribution, etc. 2004
490 ## - SERIES STATEMENT
Series statement DTI Press Release
Volume/sequential designation (P/2004/342) 15 September 2004 (2)
520 ## - SUMMARY, ETC.
Summary, etc. Funding of £8.5m has been announced for schools, houses and commercial buildings to encourage more energy production from solar panels and small-scale renewables. The funding is part of the Major Photovoltaics Programme and brings the total invested under this banner to £31m. Communitites, not-for-profit organisations and households will also benefit from new funding to extend the Clear Skies initiative for a further year, bringing the total funding up to £12.5m. These grants are available for a variety of renewable technologies. For further information see the DTI website: http://www.dti.gov.uk/. http://www.gnn.gov.uk/environment/detail.asp?Relea seID=129713&NewsAreaID=2&NavigatedFromDepartment=F alse
590 ## - LOCAL NOTE (RLIN)
Local note WB
590 ## - LOCAL NOTE (RLIN)
Local note WB
650 ## - SUBJECT ADDED ENTRY--TOPICAL TERM
Topical term or geographic name entry element RENEWABLE ENERGY PROJECTS
650 ## - SUBJECT ADDED ENTRY--TOPICAL TERM
Topical term or geographic name entry element SUSTAINABLE DEVELOPMENT
650 ## - SUBJECT ADDED ENTRY--TOPICAL TERM
Topical term or geographic name entry element RENEWABLE ENERGY
650 ## - SUBJECT ADDED ENTRY--TOPICAL TERM
Topical term or geographic name entry element SOLAR ENERGY
650 ## - SUBJECT ADDED ENTRY--TOPICAL TERM
Topical term or geographic name entry element PHOTOVOLTAIC SYSTEMS
650 ## - SUBJECT ADDED ENTRY--TOPICAL TERM
Topical term or geographic name entry element GOVERNMENT FUNDING
690 ## - LOCAL SUBJECT ADDED ENTRY--TOPICAL TERM (OCLC, RLIN)
Topical term or geographic name as entry element ENERGY
9 (RLIN) 6237
942 ## - ADDED ENTRY ELEMENTS (KOHA)
Suppress in OPAC 0
Holdings
Withdrawn status Lost status Source of classification or shelving scheme Damaged status Not for loan Home library Current library Shelving location Date acquired Total Checkouts Full call number Barcode Date last seen Copy number Price effective from Koha item type
    Dewey Decimal Classification     London London News article 16/09/2004   WQB4035-03 127438-1001 06/08/2019 1 06/08/2019 News article